<?xml version="1.0" encoding="UTF-8"?><?xml-stylesheet type="text/xsl" href="static/style.xsl"?><OAI-PMH xmlns="http://www.openarchives.org/OAI/2.0/" xmlns:xsi="http://www.w3.org/2001/XMLSchema-instance" xsi:schemaLocation="http://www.openarchives.org/OAI/2.0/ http://www.openarchives.org/OAI/2.0/OAI-PMH.xsd"><responseDate>2026-04-13T16:46:12Z</responseDate><request verb="GetRecord" identifier="oai:www.recercat.cat:2117/380637" metadataPrefix="marc">https://recercat.cat/oai/request</request><GetRecord><record><header><identifier>oai:recercat.cat:2117/380637</identifier><datestamp>2025-07-23T05:53:38Z</datestamp><setSpec>com_2072_1033</setSpec><setSpec>col_2072_452951</setSpec></header><metadata><record xmlns="http://www.loc.gov/MARC21/slim" xmlns:dcterms="http://purl.org/dc/terms/" xmlns:xsi="http://www.w3.org/2001/XMLSchema-instance" xmlns:doc="http://www.lyncode.com/xoai" xsi:schemaLocation="http://www.loc.gov/MARC21/slim http://www.loc.gov/standards/marcxml/schema/MARC21slim.xsd">
   <leader>00925njm 22002777a 4500</leader>
   <datafield ind2=" " ind1=" " tag="042">
      <subfield code="a">dc</subfield>
   </datafield>
   <datafield ind2=" " ind1=" " tag="720">
      <subfield code="a">Conde Montoya, Miriam</subfield>
      <subfield code="e">author</subfield>
   </datafield>
   <datafield ind2=" " ind1=" " tag="260">
      <subfield code="c">2022-07-06</subfield>
   </datafield>
   <datafield ind2=" " ind1=" " tag="520">
      <subfield code="a">The project is about using an AGV (Automatic Guided Vehicle) to capture the robot's data and process them in MATLAB with the aim of creating an application that shows a 2D map of the space with the route taken and at the same time the image, captured by the camera, corresponding to the position of the robot's kinematic model. To achieve this, the different MATLAB tools were studied and the data were processed in different ways, but they were captured in the same file in order to relate them later. In conclusion, during the project the main objective of programming in MATLAB has been achieved, as well as the creation of an application that will allow people with limited knowledge of MATLAB to visualise the data captured by the AGV and analyse it for their own projects.</subfield>
   </datafield>
   <datafield ind2=" " ind1=" " tag="520">
      <subfield code="a">El proyecto trata sobre utilizar un AGV (Vehículo de guiado automático) para capturar los datos del robot y procesarlos en MATLAB con el objetivo de crear una aplicación que muestre un mapa 2D del espacio con la ruta realizada y a su vez la imagen, captada por la cámara, correspondiente a posición del modelo cinemático del robot. Para lograrlo se estudiaron las diferentes herramientas de MATLAB y se procesaron los datos de diferentes maneras, pero se capturaron en el mismo archivo para relacionarlos a posteriori. En conclusión, durante el proyecto se ha cumplido el principal objetivo de programar en MATLAB, como también la creación de una aplicación que permitirá a aquellas personas con conocimientos limitados de MATLAB visualizar los datos captados por el AGV y analizar estos para sus propios proyectos.</subfield>
   </datafield>
   <datafield ind2=" " ind1=" " tag="520">
      <subfield code="a">El projecte tracta sobre utilitzar un AGV (Vehicle de guiatge automàtic) per capturar les dades del robot i processar-les a MATLAB amb l'objectiu de crear una aplicació que mostri un mapa 2D de l'espai amb la ruta realitzada i alhora la imatge, captada per la càmera, corresponent a posició del model cinemàtic del robot. Per aconseguir-ho es van estudiar les diferents eines de MATLAB i es van processar les dades de diferents maneres, però es van capturar al mateix arxiu per relacionar-les a posteriori. En conclusió, durant el projecte s'ha complert el principal objectiu de programar a MATLAB, com també la creació d'una aplicació que permetrà a aquelles persones amb coneixements limitats de MATLAB visualitzar les dades captades per l'AGV i analitzar-les per als seus propis projectes.</subfield>
   </datafield>
   <datafield tag="653" ind2=" " ind1=" ">
      <subfield code="a">Àrees temàtiques de la UPC::Informàtica::Robòtica</subfield>
   </datafield>
   <datafield tag="653" ind2=" " ind1=" ">
      <subfield code="a">Àrees temàtiques de la UPC::Enginyeria de la telecomunicació::Processament del senyal::Processament de la imatge i del senyal vídeo</subfield>
   </datafield>
   <datafield tag="653" ind2=" " ind1=" ">
      <subfield code="a">Robots--Programming</subfield>
   </datafield>
   <datafield tag="653" ind2=" " ind1=" ">
      <subfield code="a">Mobile robots</subfield>
   </datafield>
   <datafield tag="653" ind2=" " ind1=" ">
      <subfield code="a">Image processing</subfield>
   </datafield>
   <datafield tag="653" ind2=" " ind1=" ">
      <subfield code="a">Computer simulation</subfield>
   </datafield>
   <datafield tag="653" ind2=" " ind1=" ">
      <subfield code="a">Automatic Guided Vehicle Systems (Firm)</subfield>
   </datafield>
   <datafield tag="653" ind2=" " ind1=" ">
      <subfield code="a">Robot</subfield>
   </datafield>
   <datafield tag="653" ind2=" " ind1=" ">
      <subfield code="a">AGV</subfield>
   </datafield>
   <datafield tag="653" ind2=" " ind1=" ">
      <subfield code="a">LIDAR</subfield>
   </datafield>
   <datafield tag="653" ind2=" " ind1=" ">
      <subfield code="a">MATLAB</subfield>
   </datafield>
   <datafield tag="653" ind2=" " ind1=" ">
      <subfield code="a">Camera</subfield>
   </datafield>
   <datafield tag="653" ind2=" " ind1=" ">
      <subfield code="a">Simulation</subfield>
   </datafield>
   <datafield tag="653" ind2=" " ind1=" ">
      <subfield code="a">APP</subfield>
   </datafield>
   <datafield tag="653" ind2=" " ind1=" ">
      <subfield code="a">Process Data</subfield>
   </datafield>
   <datafield tag="653" ind2=" " ind1=" ">
      <subfield code="a">Robots</subfield>
   </datafield>
   <datafield tag="653" ind2=" " ind1=" ">
      <subfield code="a">Simulación</subfield>
   </datafield>
   <datafield tag="653" ind2=" " ind1=" ">
      <subfield code="a">Cámara</subfield>
   </datafield>
   <datafield tag="653" ind2=" " ind1=" ">
      <subfield code="a">Procesar datos</subfield>
   </datafield>
   <datafield tag="653" ind2=" " ind1=" ">
      <subfield code="a">Robots--Programació</subfield>
   </datafield>
   <datafield tag="653" ind2=" " ind1=" ">
      <subfield code="a">Robots mòbils</subfield>
   </datafield>
   <datafield tag="653" ind2=" " ind1=" ">
      <subfield code="a">Imatges--Processament</subfield>
   </datafield>
   <datafield tag="653" ind2=" " ind1=" ">
      <subfield code="a">Simulació per ordinador</subfield>
   </datafield>
   <datafield ind2="0" ind1="0" tag="245">
      <subfield code="a">Reprogramming of an AGV to expand its future automation and connectivity</subfield>
   </datafield>
   <datafield ind2="0" ind1="0" tag="245">
      <subfield code="a">Reprogramación de un AGV para ampliar su futura automatización y conectividad</subfield>
   </datafield>
   <datafield ind2="0" ind1="0" tag="245">
      <subfield code="a">Reprogramació d'un AGV per ampliar la seva futura automatització i connectivitat</subfield>
   </datafield>
</record></metadata></record></GetRecord></OAI-PMH>